La lucha contra la pobreza 1986-1990 : (Registro nro. 8558)

Detalles MARC
000 -LEADER
fixed length control field 01169nam a2200229Ia 4500
003 - CONTROL NUMBER IDENTIFIER
control field OSt
005 - DATE AND TIME OF LATEST TRANSACTION
control field 20210924100718.0
008 - FIXED-LENGTH DATA ELEMENTS--GENERAL INFORMATION
fixed length control field 210310s1990 ck fr 000 0 spa d
040 ## - CATALOGING SOURCE
Original cataloging agency CO-JMCR
Transcribing agency CO-JMCR
041 0# - LANGUAGE CODE
Language code of text/sound track or separate title spa
082 04 - DEWEY DECIMAL CLASSIFICATION NUMBER
Classification number 362.5 /
Item number C718l
Edition number 23
110 1# - MAIN ENTRY--CORPORATE NAME
Corporate name or jurisdiction name as entry element Colombia.
Subordinate unit Presidencia de la República
9 (RLIN) 2972
245 13 - TITLE STATEMENT
Title La lucha contra la pobreza 1986-1990 :
Remainder of title informe final /
Statement of responsibility, etc. Presidencia de la República, José Granada Rodríguez
260 ## - PUBLICATION, DISTRIBUTION, ETC.
Place of publication, distribution, etc. Bogotá :
Name of publisher, distributor, etc. Consejería para Desarrollo Social,
Date of publication, distribution, etc. 1990
300 ## - PHYSICAL DESCRIPTION
Extent 217 páginas ;
Dimensions 21 cm.
500 ## - GENERAL NOTE
General note Incluye notas a pie de página.
505 0# - FORMATTED CONTENTS NOTE
Formatted contents note La lucha contra la pobreza -- Organización comunitaria y participación ciudadana -- Estrategia financiera -- Municipalización de la lucha contra la pobreza -- Salud básica para todos -- Educación básica para todos -- Bienestar y seguridad social de la familia -- Suministro de bienes básicos -- Asentamientos humanos -- Empleo y seguridad social
650 14 - SUBJECT ADDED ENTRY--TOPICAL TERM
Topical term or geographic name entry element Pobreza
9 (RLIN) 17624
Form subdivision Programas
Chronological subdivision 1986-1990
Geographic subdivision Colombia
651 #4 - SUBJECT ADDED ENTRY--GEOGRAPHIC NAME
Geographic name Colombia
General subdivision Condiciones sociales
Chronological subdivision 1986-1990
9 (RLIN) 40790
700 1# - ADDED ENTRY--PERSONAL NAME
Personal name Granada Rodríguez, José,
Relator term autor
9 (RLIN) 40791
942 ## - ADDED ENTRY ELEMENTS (KOHA)
Source of classification or shelving scheme Dewey Decimal Classification
Koha item type Books
Existencias
Withdrawn status Lost status Source of classification or shelving scheme Damaged status Not for loan Collection code Home library Current library Date acquired Source of acquisition Full call number Barcode Date last seen Copy number Koha item type
    Dewey Decimal Classification     Non-fiction Biblioteca Pública José María del Castillo y Rada Biblioteca Pública José María del Castillo y Rada 04/15/2018 Donación 362.5 / C718l 430000619 05/16/2024 Ej.1 Books